| 000 | 00630aam a2200229 4500 | ||
|---|---|---|---|
| 005 | 20160912090419.0 | ||
| 008 | 150831b xxu||||| |||| 00| 0 spa d | ||
| 041 | _aspa | ||
| 082 | _a658 K45a | ||
| 100 |
_aKhadem, Riaz _919870 |
||
| 245 | _aAdministración en una página: cómo utilizar la información para lograr sus metas | ||
| 250 | _a2 edición | ||
| 260 | _aColombia | ||
| 260 | _bNorma | ||
| 260 | _c2008 | ||
| 300 | _a128 páginas | ||
| 650 |
_aADMINISTRACIÓN DE EMPRESAS _9521 |
||
| 650 |
_aLIDERAZGO _922 |
||
| 650 |
_aSOLUCIÓN DE PROBLEMAS _919871 |
||
| 650 |
_aSISTEMAS DE INFORMACIÓN _912 |
||
| 942 | _cBK | ||
| 999 |
_c688 _d688 |
||